1311 1646 1373 1009 1423 1365 1998 1170 1574 1952 1693 1813 1642 1238 1342 1958 1486 1123 1846 1766 1965 1174 1783 1217 1892 1982 1290 1998 1614 1796 1987 1610 1356 1333 1866 1471 1229 1793 1989 1369 1179 1465 1144 1400 1698 1715 1949 1158 1057 1506 1589 1754 1622 1832 1557 1492 1551 1206 1420 1454 1802 1803 1493 1054 1452 1473 1538 1860 1774 1771 1892 1067 1219 1139 1880 1757 1762 1432 1521 1805 1047 1013 1504 1746 1565 1609 1778 1900 1950 1636 1632 1511 1953 1648 1430 1446 1730 1064 1333 BCNSPRNW ULIB Ver.6.0+V

เปลี่ยนเป็นภาษาไทย

Change to English
 แสดงรายละเอียดบรรณานุกรม
  กลับหน้าหลัก

Brief Record : Get Marc (ISO 2709) : E-mail record : QR code < ปิดหน้าต่าง
LEADER : 00000nam 2200000uu 4500
001    13399127196
003     ULIB
008    191021s2562||||th 000 0 tha d
020 ^- ^a9786164577534
050 ^- ^aนว.^bจ756ร
100 0^ aเจ้าหญิงละเมอ.
245 10 ^aรักนะครับคุณชายซกมก /^cเจ้าหญิงละเมอ.
250 ^- ^aพิมพ์ครั้งที่ 1.
260 ^- ^aกรุงเทพฯ :^bมีดี,^c2562
300 ^- ^a375 หน้า.
945    ^p300^l0^i27888
999    ^aกัณชพร จุลอักษร
รายการนี้ยังไม่มีแท็ก
คุณยังไม่ได้ล็อกอิน คุณสามารถมีกิจกรรมร่วมกับเว็บไซต์ได้ แต่ต้องล็อกอินก่อน ::
  ล็อกอิน

รายการสื่อสารสนเทศ

ลำดับที่ ประเภท เลขเรียก/บาร์โค้ด สถานที่ สถานะ
1. วิทยาศาสตร์การแพทย์ และสุขภาพ
วิทยาศาสตร์การแพทย์ และสุขภาพ
นว. จ756ร ฉ.1 
  Barcode: 27888
ห้องสมุดวิทยาเขตนครสวรรค์
►นวนิยาย:l:Fiction
บนชั้น

BibComment


ยังไม่เคยถูกคอมเมนท์

คอมเมนท์ทรัพยากรรายการนี้
  คอมเมนท์: รักนะครับคุณชายซ..


 Copyright 2026. Bcnsprnw @Library